000 00372nam a22001457a 4500
003 OSt
005 20211025103059.0
008 211025b |||||||| |||| 00| 0 eng d
040 _aHU
_cDDC
082 _a347.0573/FED
245 _aFederal civil judicial procedure and rules
260 _aUSA
_bWest publishing co
_c1985
300 _axliv,881p,33cm
942 _2ddc
_cBOOKS
_n0
999 _c14608
_d14608